|
|
|
|
| LEADER |
00000nam a2200000 i 4500 |
| 001 |
DIGBONART0172 |
| 003 |
NyNyDIG |
| 007 |
cr ||||||||||| |
| 008 |
200608s2018 mx ob 000 0 spa d |
| 006 |
m o d |
| 035 |
|
|
|a (OCoLC)1260733008
|
| 040 |
|
|
|a DGITA
|b eng
|e rda
|e pn
|c DGITA
|
| 020 |
|
|
|a 9786078450176
|q eBook
|
| 020 |
|
|
|z 9786078560578
|q Bonilla Artigas Editores
|
| 020 |
|
|
|z 9786073006873
|q UNAM
|
| 043 |
|
|
|a n-mx---
|
| 050 |
1 |
4 |
|a HQ1462 ebook
|
| 082 |
1 |
4 |
|a 305.3
|
| 245 |
0 |
3 |
|a El género :
|b la construcción cultural de la diferencia sexual /
|c Marta Lamas, compiladora.
|
| 246 |
3 |
|
|a Construcción cultural de la diferencia sexual
|
| 250 |
|
|
|a Tercera edición.
|
| 264 |
|
1 |
|a Ciudad de México :
|b Universidad Nacional Autónoma de México, Centro de Investigacion y Estudios de Género :
|b Bonilla Artigas Editores,
|c 2018.
|
| 300 |
|
|
|a 1 online resource.
|
| 336 |
|
|
|a text
|b txt
|2 rdacontent
|
| 337 |
|
|
|a computer
|b c
|2 rdamedia
|
| 338 |
|
|
|a online resource
|b cr
|2 rdacarrier
|
| 347 |
|
|
|a text file
|2 rdaft
|
| 347 |
|
|
|b PDF
|
| 490 |
1 |
|
|a Colección Pública-género ;
|v no. 1.
|
| 504 |
|
|
|a Includes bibliographical references and index.
|
| 505 |
0 |
|
|a El concepto de género / Jill K. Conway, Susan C. Bourque y Joan W. Scott -- El tráfico de mujeres : notas sobre la "economía política" del sexo / Gayle Rubin -- La antropología feminista y la categoría 'género' / Marta Lamas -- Indagaciones acerca de los significados sexuales / Sherry B. Ortner y Harriet Whitehead -- La revolucíon de género y la transición de la horda bisexual a la banda patrilocal : los orígenes de la jerarquía de género / Salvatore Cucchiari -- El género : una categoría útil para el análisis histórico / Joan W. Scott -- Variaciones sobre sexo y género : Beauvoir, Wittig y Foucault / Judith Butler -- Usos, dificultades y posibilidades de la categoría 'género' / Marta Lamas.
|
| 588 |
0 |
|
|a Online resource; title from PDF title page (Digitalia, viewed June 18, 2021)
|
| 650 |
|
0 |
|a Women
|z Mexico
|x Social conditions.
|
| 650 |
|
0 |
|a Sex role
|z Mexico.
|
| 650 |
|
0 |
|a Feminism
|z Mexico.
|
| 655 |
|
0 |
|a Electronic books.
|
| 700 |
1 |
|
|a Lamas, Marta,
|d 1947-
|e editor.
|
| 791 |
2 |
|
|a Digitalia (Firm),
|e distributor.
|
| 793 |
0 |
|
|g Digitalia eBook Collection:
|a Bonilla Artigas Editores
|
| 776 |
0 |
8 |
|i Print version:
|t Género.
|b Tercera edición.
|d Ciudad de México : Universidad Nacional Autónoma de México, Centro de Investigacion y Estudios de Género : Bonilla Artigas Editores, 2018
|z 9786078560578
|
| 830 |
|
0 |
|a Colección Pública-género ;
|v 1.
|
| 856 |
4 |
0 |
|3 Digitalia Hispánica
|u https://www.digitaliapublishing.com/a/81473/
|
| 910 |
|
|
|a Premium collection: 2021
|